Glyceride structure of mango seed (Mangifera indica) oil
A mangógyümölcs levének kinyerésekor kapott magból mint hulladékból hexánnal extrahált olajban a telített zsírsavak közül palmitinsavat, stearinsavat, a telítetlen zsírsavak közül pedig palmitolajsavat, olajsavat, linolsavat és linolénsavat mutattak ki. A háromszor telítetlen gliceridek mennyisége 8...
Elmentve itt :
| Szerzők: | |
|---|---|
| Dokumentumtípus: | Cikk |
| Megjelent: |
Lapkiadó Vállalat
Budapest
1975
|
| Sorozat: | Élelmiszervizsgálati közlemények
21 No. 1-2 |
| Kulcsszavak: | Élelmiszervizsgálat - analitikai kémia - módszer, Élelmiszerkémia - módszer |
| Tárgyszavak: | |
| Online Access: | http://acta.bibl.u-szeged.hu/80593 |
| LEADER | 02505nab a2200289 i 4500 | ||
|---|---|---|---|
| 001 | acta80593 | ||
| 005 | 20230826110116.0 | ||
| 008 | 230823s1975 hu o 0|| hun d | ||
| 040 | |a SZTE Egyetemi Kiadványok Repozitórium |b hun | ||
| 041 | |a hun | ||
| 041 | |a eng | ||
| 041 | |a ger | ||
| 041 | |a fre | ||
| 041 | |a rus | ||
| 100 | 2 | |a Abd Allah M. A. | |
| 245 | 1 | 0 | |a Glyceride structure of mango seed (Mangifera indica) oil |h [elektronikus dokumentum] / |c Abd Allah M. A. |
| 260 | |a Lapkiadó Vállalat |b Budapest |c 1975 | ||
| 300 | |a 53-57 | ||
| 490 | 0 | |a Élelmiszervizsgálati közlemények |v 21 No. 1-2 | |
| 520 | 3 | |a A mangógyümölcs levének kinyerésekor kapott magból mint hulladékból hexánnal extrahált olajban a telített zsírsavak közül palmitinsavat, stearinsavat, a telítetlen zsírsavak közül pedig palmitolajsavat, olajsavat, linolsavat és linolénsavat mutattak ki. A háromszor telítetlen gliceridek mennyisége 8,20%, a háromszor, kétszer ill. egyszer telített glicerideké pedig rendre 5,23, 40,42 ill. 36,58% volt. In dem aus den bei der Gewinnung des Saftes der Mangofrucht als Abfall erhaltenen Kernen mittels Hexans extrahierten Öl wurden aus der Gruppe der gesättigten Fettsäuren Palmitinsäure und Stearinsäure, während aus der Gruppe der ungesättigten Fettsäuren Pahnitölsäure, Ölsäure, Linolsäure und Linolensäure nachgewiesen. Die Menge der dreifach ungesättigten Glyceriden betrug 8,20%, die der dreifach, zweifach bzw. einfach gesättigten Glyceriden dagegen der Reihe nach 5,23%, 40,42% bzw. 36,58%. Dans l ’huile extraíte ä l ’héxane des grains obtenus en tant que déchet lors du travail du jus de fruit de la mangue, on a décolé, parmi les acides gras saturés l ’acide palmitique et Pacidé stéarique, parmi ceux insaturés Pacidé palmitoléique etaclesides oléique, linolique et linoléique. La quantité des glycérides trois fois insaturés était 8.20 p. c., tandis que les taux respectifs des glycérides saturés trois, deux et une fois montaient á 5,23, 40,42 et 36,58 p. c. | |
| 650 | 4 | |a Műszaki és technológiai tudományok | |
| 650 | 4 | |a Egyéb műszaki tudományok és technológiák | |
| 650 | 4 | |a Élelmiszer és italfélék | |
| 695 | |a Élelmiszervizsgálat - analitikai kémia - módszer, Élelmiszerkémia - módszer | ||
| 700 | 0 | 2 | |a Abu Salim Ferial M. |e aut |
| 700 | 0 | 2 | |a Goma M. A. |e aut |
| 856 | 4 | 0 | |u http://acta.bibl.u-szeged.hu/80593/1/elelmiszervizsgalati_kozlemenyek_1975_01-02_053-057.pdf |z Dokumentum-elérés |